Flagi, na których może (lecz nie musi) widnieć godło państwowe - Statystyki

Ogólne statystyki
  • Ten quiz został rozwiązany 44 razy
    27 od ostatniego zresetowania
  • Średni wynik to 2 z 5
Statystyki odpowiedzi
Odpowiedź % Poprawnych
Peru
76%
Boliwia
48%
Wenezuela
38%
Kostaryka
29%
Haiti
24%
Nie znaleziono quizów pasujących do podanych kryteriów
Rozkład punktacji
Procent ludzi z każdym wynikiem
Percentyl według liczby udzielonych odpowiedzi
Twoja historia wyników
Nie rozwiązałeś tego quizu od ostatniego zresetowania